| 000 | 00464nam a22001697a 4500 | ||
|---|---|---|---|
| 999 |
_c524179 _d524179 |
||
| 003 | NUST | ||
| 038 | _aabdul basit | ||
| 082 |
_a891.421 _bSAB |
||
| 100 |
_aSabar, Muhammad nwazish _914997 |
||
| 245 |
_aWely di awaz / _cMuhammad nwazish sabar |
||
| 260 |
_aLahore : _bNoor alam, _c1940-1950. |
||
| 300 | _a88 p. ; | ||
| 500 | _aPapercover. | ||
| 880 |
_6100-02\r _aمحمد نوازش صابر |
||
| 880 |
_6245-02\r _aویلے دی آواز / |
||
| 942 |
_2ddc _cBK |
||